Normal view MARC view
  • Tychyna. P

Entry Personal Name

Number of records used in: 2

001 - CONTROL NUMBER

  • control field: 1931

003 - CONTROL NUMBER IDENTIFIER

  • control field: OSt

005 - DATE AND TIME OF LATEST TRANSACTION

  • control field: 20161207113915.0

008 - FIXED-LENGTH DATA ELEMENTS

  • fixed length control field: 161207|| aca||aabn | a|a d

040 ## - CATALOGING SOURCE

  • Original cataloging agency: OSt

100 ## - HEADING--PERSONAL NAME

  • Personal name: Tychyna. P

Powered by Koha